| 000 | 00796nam a2200265 a 4500 | ||
|---|---|---|---|
| 008 | |||
| 020 | _a3540780149 (pbk.) | ||
| 049 | _aMAIN | ||
| 090 | 0 |
_aQA274.A5 _bCHU |
|
| 100 | 1 | _aChung, Kai Lai. | |
| 245 | 1 | 0 |
_aElementary probability theory with stochastic processes / _cKai Lai Chung. |
| 250 | _a3rd ed. | ||
| 260 |
_aNew York : _bSpringer-Verlag, _cc1979. |
||
| 300 |
_axvi, 325 p. : _bill. ; _c25 cm. |
||
| 440 | _aUndergraduate texts in mathematics. | ||
| 504 | _aIncludes bibliographical references. | ||
| 500 | _aIncludes index. | ||
| 650 | 0 | _aProbabilities. | |
| 650 | 0 | _aStochastic processes. | |
| 907 |
_a.b10114968 _b13-02-09 _c23-03-04 |
||
| 003 | |||
| 005 | 20230123133643.0 | ||
| 040 | _cNUST | ||
| 942 |
_cBOOKS _kQA274.A5 _mCHU |
||
| 999 |
_c152332 _d152332 |
||